[Event "Rhein Main op-B 25th"]
[Site "Bad Homburg"]
[Date "2023.06.10"]
[Round "5"]
[White "Miyake Siqueira, Pedro Henrique"]
[Black "Ploetz, Hans Juergen"]
[Result "1/2-1/2"]
[WhiteElo "1705"]
[BlackElo "1612"]
[PlyCount "32"]
[EventDate "2023.06.07"]
[EventType "swiss"]
[EventRounds "7"]
[EventCountry "GER"]
[SourceTitle "CBM 215 Extra"]
[Source "ChessBase"]
[SourceDate "2023.09.30"]
[SourceVersion "1"]
[SourceVersionDate "2023.09.30"]
[SourceQuality "1"]

1. e4 d6 2. d4 Nf6 3. Nc3 Nbd7 4. f4 c6 5. Nf3 Qa5 6. Bd3 e5 7. 0-0 Be7 8. Bd2 Qb6 9. Na4 Qc7 10. Nxe5 Nxe5 11. fxe5 dxe5 12. dxe5 Qxe5 13. Nc3 0-0 14. Qe1 Bd6 15. Bf4 Qc5+ 16. Be3 Qe5 1/2-1/2

[Event "Rhein Main op-B 24th"]
[Site "Bad Homburg"]
[Date "2022.06.18"]
[Round "6"]
[White "Mut, Friedrich"]
[Black "Ploetz, Hans Juergen"]
[Result "1-0"]
[WhiteElo "1694"]
[BlackElo "1600"]
[PlyCount "61"]
[EventDate "2022.06.15"]
[EventType "swiss"]
[EventRounds "7"]
[EventCountry "GER"]
[SourceTitle "EXT 2023"]
[Source "ChessBase"]
[SourceDate "2022.10.05"]
[SourceVersion "1"]
[SourceVersionDate "2022.10.05"]
[SourceQuality "1"]

1. e4 d6 2. Bc4 Nf6 3. Nc3 e5 4. h3 Be7 5. Nf3 0-0 6. d3 c6 7. 0-0 b5 8. Bb3 a5 9. a3 Bb7 10. Be3 Qc7 11. d4 exd4 12. Nxd4 b4 13. axb4 axb4 14. Na2 c5 15. Nb5 Qc6 16. c4 Qxe4 17. Qf3 Qxf3 18. gxf3 Bxf3 19. Rfe1 Re8 20. Nc7 Nc6 21. Nxe8 Rxe8 22. Ba4 Ra8 23. b3 Bf8 24. Bf4 Na5 25. Re3 Bb7 26. Rd1 h6 27. Bxd6 Bxd6 28. Rxd6 Nxc4 29. Rxf6 Nxe3 30. Rb6 Bd5 31. fxe3 1-0

[Event "Rhein Main op-B 24th"]
[Site "Bad Homburg"]
[Date "2022.06.18"]
[Round "5"]
[White "Ploetz, Hans Juergen"]
[Black "Launert, Martin"]
[Result "0-1"]
[WhiteElo "1600"]
[BlackElo "1785"]
[PlyCount "114"]
[EventDate "2022.06.15"]
[EventType "swiss"]
[EventRounds "7"]
[EventCountry "GER"]
[SourceTitle "EXT 2023"]
[Source "ChessBase"]
[SourceDate "2022.10.05"]
[SourceVersion "1"]
[SourceVersionDate "2022.10.05"]
[SourceQuality "1"]

1. d4 c5 2. c3 e6 3. Nf3 Nf6 4. Bf4 d5 5. e3 Nc6 6. Be2 Be7 7. h3 Bd7 8. dxc5 Bxc5 9. Nbd2 0-0 10. 0-0 Re8 11. b4 Be7 12. a3 Rc8 13. Rc1 Bf8 14. Ne5 Nxe5 15. Bxe5 b5 16. Nf3 Ne4 17. Bd3 Nd6 18. Qe2 Nc4 19. Qa2 Nxe5 20. Nxe5 Bd6 21. Nxd7 Qxd7 22. Qe2 Rb8 23. e4 Bf4 24. Rc2 g6 25. Rd1 Red8 26. Qf3 Bh6 27. Rb1 Bg7 28. exd5 Qxd5 29. Be4 Qd6 30. c4 bxc4 31. Rxc4 Rbc8 32. Rbc1 Rxc4 33. Rxc4 Be5 34. g3 Qd1+ 35. Kg2 Rd7 36. b5 Qxf3+ 37. Kxf3 Bd4 38. a4 Bb6 39. Ke2 e5 40. g4 Kg7 41. Bd3 h6 42. Re4 Bd4 43. f4 f5 44. Rxe5 Bxe5 45. fxe5 Re7 46. Kf3 Rxe5 47. Kf4 Kf6 48. h4 Rd5 49. Bc2 Rd4+ 50. Kg3 Ke5 51. h5 Rc4 52. Bd1 Rc3+ 53. Kf2 f4 54. Bf3 Rc2+ 55. Ke1 Kd4 56. Bd1 Rh2 57. a5 Ke3 0-1

[Event "Rhein Main op-B 22nd"]
[Site "Bad Homburg"]
[Date "2019.06.22"]
[Round "5"]
[White "Graf, Michael"]
[Black "Ploetz, Hans Juergen"]
[Result "1/2-1/2"]
[WhiteElo "1837"]
[BlackElo "1594"]
[PlyCount "46"]
[EventDate "2019.06.19"]
[EventType "swiss"]
[EventRounds "7"]
[EventCountry "GER"]
[SourceTitle "EXT 2020"]
[Source "ChessBase"]
[SourceDate "2019.10.17"]
[SourceVersion "1"]
[SourceVersionDate "2019.10.17"]
[SourceQuality "1"]

1. b4 e5 2. Bb2 d6 3. e3 Nf6 4. c4 Be7 5. Nf3 c6 6. d4 Nbd7 7. Qb3 e4 8. Nfd2 d5 9. Nc3 Nb6 10. c5 Nbd7 11. Be2 0-0 12. 0-0 b6 13. a4 a5 14. bxa5 bxc5 15. dxc5 Rxa5 16. Rfc1 Nxc5 17. Qc2 Bb7 18. Nb3 Nxb3 19. Qxb3 Qa8 20. Qb6 Rb8 21. Qc7 Kf8 22. Ba3 Bxa3 23. Rxa3 Ne8 1/2-1/2

[Event "Rhein Main op-B 22nd"]
[Site "Bad Homburg"]
[Date "2019.06.21"]
[Round "4"]
[White "Ploetz, Hans Juergen"]
[Black "Peschk, Kathrin"]
[Result "1-0"]
[WhiteElo "1594"]
[BlackElo "1399"]
[PlyCount "71"]
[EventDate "2019.06.19"]
[EventType "swiss"]
[EventRounds "7"]
[EventCountry "GER"]
[SourceTitle "EXT 2020"]
[Source "ChessBase"]
[SourceDate "2019.10.17"]
[SourceVersion "1"]
[SourceVersionDate "2019.10.17"]
[SourceQuality "1"]

1. d4 d5 2. Nf3 Nf6 3. Bf4 e6 4. e3 c5 5. c3 Nc6 6. Be2 Bd7 7. 0-0 Be7 8. h3 0-0 9. Nbd2 Rc8 10. Rc1 a6 11. a3 b5 12. dxc5 Bxc5 13. b4 Bb6 14. Nd4 Nxd4 15. cxd4 Qe7 16. Qb3 Rfd8 17. Nf3 h6 18. Bd3 Ne8 19. Bb1 Nd6 20. Qd3 f5 21. g4 g5 22. Bxd6 Qxd6 23. Ne5 Be8 24. gxf5 Rc7 25. Rxc7 Qxc7 26. fxe6 Qg7 27. Kh1 Bc7 28. Qf5 Bxe5 29. dxe5 d4 30. Qf6 Qxf6 31. exf6 Bc6+ 32. Kh2 d3 33. Kg3 d2 34. Bc2 h5 35. f4 h4+ 36. Kg4 1-0

[Event "Heusenstamm Sparkassen op-B 5th"]
[Site "Heusenstamm"]
[Date "2018.11.24"]
[Round "5"]
[White "Martin, Lukas"]
[Black "Ploetz, Hans Juergen"]
[Result "1-0"]
[WhiteElo "1439"]
[BlackElo "1622"]
[PlyCount "65"]
[EventDate "2018.11.22"]
[EventType "swiss"]
[EventRounds "7"]
[EventCountry "GER"]
[SourceTitle "CBM 187 Extra"]
[Source "ChessBase"]
[SourceDate "2018.11.04"]
[SourceVersion "1"]
[SourceVersionDate "2018.11.04"]
[SourceQuality "1"]

1. d4 d6 2. c4 Nf6 3. Nf3 Nbd7 4. Nc3 e5 5. Bg5 Be7 6. e3 0-0 7. Be2 h6 8. Bh4 c6 9. 0-0 Qb6 10. dxe5 dxe5 11. Qc2 Qc7 12. Bg3 Nh5 13. Bh4 Bxh4 14. Nxh4 Nhf6 15. b4 b6 16. Nf3 Bb7 17. a3 a6 18. h3 a5 19. Rfd1 axb4 20. axb4 Rxa1 21. Rxa1 Ra8 22. Rxa8+ Bxa8 23. Ne4 Nxe4 24. Qxe4 f6 25. c5 bxc5 26. bxc5 Qa5 27. Bc4+ Kh8 28. Bd3 Nf8 29. Nh4 Kg8 30. Ng6 Nxg6 31. Qxg6 Qe1+ 32. Kh2 Qxf2 33. Qe8# 1-0

[Event "Heusenstamm Sparkassen op-B 5th"]
[Site "Heusenstamm"]
[Date "2018.11.23"]
[Round "3"]
[White "Ploetz, Hans Juergen"]
[Black "Al Butmeh, Firas"]
[Result "1-0"]
[WhiteElo "1622"]
[BlackElo "1401"]
[PlyCount "37"]
[EventDate "2018.11.22"]
[EventType "swiss"]
[EventRounds "7"]
[EventCountry "GER"]
[SourceTitle "CBM 187 Extra"]
[Source "ChessBase"]
[SourceDate "2018.11.04"]
[SourceVersion "1"]
[SourceVersionDate "2018.11.04"]
[SourceQuality "1"]

1. d4 Nf6 2. Nf3 g6 3. Bf4 Bg7 4. e3 0-0 5. c4 d6 6. Nc3 Bf5 7. Be2 c5 8. h3 Nbd7 9. Nh4 e5 10. Nxf5 gxf5 11. dxe5 dxe5 12. Bg5 Qc7 13. Qc2 e4 14. 0-0 Qe5 15. Bf4 Qe7 16. Rad1 Ne5 17. Nb5 a6 18. Nd6 Ne8 19. Nxf5 1-0

[Event "Heusenstamm Sparkassen op-B 5th"]
[Site "Heusenstamm"]
[Date "2018.11.22"]
[Round "1"]
[White "Ploetz, Hans Juergen"]
[Black "Burkart, Lloyd Shang"]
[Result "0-1"]
[WhiteElo "1622"]
[BlackElo "1157"]
[PlyCount "116"]
[EventDate "2018.11.22"]
[EventType "swiss"]
[EventRounds "7"]
[EventCountry "GER"]
[SourceTitle "CBM 187 Extra"]
[Source "ChessBase"]
[SourceDate "2018.11.04"]
[SourceVersion "1"]
[SourceVersionDate "2018.11.04"]
[SourceQuality "1"]

1. d4 Nf6 2. Nf3 b6 3. Bf4 Ba6 4. a3 e6 5. Nbd2 Be7 6. h3 0-0 7. e3 Bxf1 8. Nxf1 d5 9. N1d2 c5 10. 0-0 Nc6 11. c3 Qd7 12. Ne5 Nxe5 13. Bxe5 Rac8 14. Nf3 Rfd8 15. Qb1 h6 16. b4 cxb4 17. cxb4 Rc4 18. Qb2 Rdc8 19. Rac1 Qc6 20. Rxc4 Qxc4 21. Bg3 Qc2 22. Rb1 Qxb2 23. Rxb2 Rc3 24. Ra2 Ne4 25. Bh4 g5 26. Bg3 Nxg3 27. fxg3 Rxe3 28. Kf2 Rc3 29. g4 Kf8 30. Ke2 Ke8 31. Kd2 Rc4 32. Kd3 Bf6 33. Re2 Kd7 34. Ne5+ Bxe5 35. Rxe5 f6 36. Re2 Kd6 37. Rf2 Ke7 38. Rb2 e5 39. dxe5 fxe5 40. Rf2 Rf4 41. Rc2 Rc4 42. Rxc4 dxc4+ 43. Kxc4 Kd6 44. a4 a5 45. bxa5 bxa5 46. g3 Kc6 47. h4 Kd6 48. Kb5 Kd5 49. Kxa5 e4 50. Kb6 e3 51. a5 e2 52. a6 e1Q 53. a7 Qe8 54. hxg5 hxg5 55. Kb7 Ke4 56. a8Q Qxa8+ 57. Kxa8 Kf3 58. Kb7 Kxg3 0-1

[Event "Rhein Main op-B 21st"]
[Site "Bad Homburg"]
[Date "2018.05.31"]
[Round "3"]
[White "Schneider, Soenke"]
[Black "Ploetz, Hans Juergen"]
[Result "1-0"]
[WhiteElo "1419"]
[BlackElo "1610"]
[PlyCount "105"]
[EventDate "2018.05.30"]
[EventType "swiss"]
[EventRounds "7"]
[EventCountry "GER"]
[SourceTitle "EXT 2019"]
[Source "ChessBase"]
[SourceDate "2018.10.10"]
[SourceVersion "1"]
[SourceVersionDate "2018.10.10"]
[SourceQuality "1"]

1. c4 Nf6 2. Nc3 d6 3. g3 c6 4. Bg2 e5 5. d3 Be7 6. e4 0-0 7. Nge2 Be6 8. 0-0 Qd7 9. f4 Bh3 10. f5 Bxg2 11. Kxg2 d5 12. cxd5 cxd5 13. Bg5 d4 14. Nb1 Ng4 15. Bd2 Bb4 16. Bc1 Nc6 17. h3 Ne3+ 18. Bxe3 dxe3 19. Rf3 Bc5 20. a3 Rad8 21. Nc1 Nd4 22. Rf1 Qb5 23. b4 e2 24. Nxe2 Nxe2 25. Qxe2 Bd4 26. Ra2 a5 27. bxa5 Qxa5 28. Rd1 g6 29. Qd2 Qb5 30. a4 Qb3 31. Qc2 Qb4 32. Nd2 Qe7 33. Nf3 Kh8 34. g4 gxf5 35. exf5 Rg8 36. Re1 f6 37. Re4 Bc5 38. Qc3 Qd6 39. Rd2 b6 40. Rd1 Qd5 41. Qc4 Qc6 42. Qc2 Rg7 43. Rc4 Qb7 44. Kg3 Qb8 45. Kg2 Qb7 46. Qe2 Rgd7 47. Kf1 Qa8 48. g5 fxg5 49. Qxe5+ Kg8 50. Qg3 Rxd3 51. Qxg5+ Kh8 52. Qf6+ Kg8 53. Rg4# 1-0

[Event "Rhein Main op-B 21st"]
[Site "Bad Homburg"]
[Date "2018.05.30"]
[Round "1"]
[White "Schindelmeiser, Frank"]
[Black "Ploetz, Hans Juergen"]
[Result "1/2-1/2"]
[WhiteElo "1950"]
[BlackElo "1610"]
[PlyCount "131"]
[EventDate "2018.05.30"]
[EventType "swiss"]
[EventRounds "7"]
[EventCountry "GER"]
[SourceTitle "EXT 2019"]
[Source "ChessBase"]
[SourceDate "2018.10.10"]
[SourceVersion "1"]
[SourceVersionDate "2018.10.10"]
[SourceQuality "1"]

1. c4 Nf6 2. g3 d6 3. Bg2 e5 4. Nc3 c6 5. Nf3 Be6 6. d3 Be7 7. 0-0 0-0 8. Rb1 a5 9. b3 h6 10. Bb2 Qc7 11. Qd2 Nbd7 12. Rfc1 Rad8 13. e4 Qb8 14. Nd1 b6 15. Ne3 d5 16. exd5 cxd5 17. cxd5 Nxd5 18. Qe2 Bf6 19. Nc4 Nb4 20. a3 Nc6 21. Nfd2 Nd4 22. Bxd4 exd4 23. b4 axb4 24. Rxb4 Qa7 25. Rcb1 Rb8 26. f4 Rfe8 27. Qd1 Be7 28. Rb5 Rec8 29. f5 Bxc4 30. Nxc4 Bc5 31. a4 Qc7 32. Nd2 Qe5 33. Qf1 Qe3+ 34. Qf2 Qxd3 35. Bf1 Qa3 36. Ne4 Qxa4 37. Nxc5 bxc5 38. Rxb8 Rxb8 39. Rxb8+ Nxb8 40. f6 Qc6 41. fxg7 Kxg7 42. Bc4 Qf6 43. Qe2 Nd7 44. Qg4+ Qg6 45. Qxd7 Qb1+ 46. Kf2 Qb2+ 47. Be2 c4 48. Qg4+ Kh7 49. Qf5+ Kg7 50. Qe5+ Kg8 51. Qf6 Qd2 52. Qf4 Qb2 53. Qg4+ Kh7 54. Qf5+ Kg7 55. Qe5+ Kh7 56. Kg2 Qd2 57. Kh3 d3 58. Bh5 Qg5 59. Qe4+ Kg7 60. Qd5 Kf8 61. Bg4 Qc1 62. Qd8+ Kg7 63. Qd4+ Kf8 64. Qh8+ Ke7 65. Qe5+ Kf8 66. Qh8+ 1/2-1/2

[Event "Heusenstamm Sparkassen op-B 3rd"]
[Site "Heusenstamm"]
[Date "2016.11.27"]
[Round "2"]
[White "Muegendt, Brian Christopher"]
[Black "Ploetz, Hans Juergen"]
[Result "1/2-1/2"]
[WhiteElo "1720"]
[BlackElo "1625"]
[PlyCount "68"]
[EventDate "2016.11.27"]
[EventType "swiss"]
[EventRounds "7"]
[EventCountry "GER"]
[SourceTitle "EXT 2018"]
[Source "ChessBase"]
[SourceDate "2017.10.13"]
[SourceVersion "1"]
[SourceVersionDate "2017.10.13"]
[SourceQuality "1"]

1. e4 d6 2. d4 Nf6 3. Nc3 Nbd7 4. f4 c6 5. Nf3 Qa5 6. Bd3 e5 7. Bd2 Qb6 8. fxe5 dxe5 9. dxe5 Ng4 10. Qe2 Ngxe5 11. Nxe5 Nxe5 12. h3 Be7 13. 0-0-0 Be6 14. Be3 Qa5 15. a3 Bxa3 16. Nb1 Be7 17. Bd4 Bf6 18. Rhf1 0-0-0 19. Qf2 Qa1 20. c3 Bb3 21. Bxe5 Bxe5 22. Qf5+ Rd7 23. Qxe5 Bxd1 24. Rxd1 Rhd8 25. Bc2 Rxd1+ 26. Bxd1 Rxd1+ 27. Kxd1 Qxb1+ 28. Ke2 Qxb2+ 29. Kf3 Kd7 30. Qxg7 Qb3 31. Qd4+ Ke7 32. Qe5+ Kd7 33. Qf5+ Ke7 34. Qc5+ Kf6 1/2-1/2

[Event "Heusenstamm Sparkassen op-B 3rd"]
[Site "Heusenstamm"]
[Date "2016.11.27"]
[Round "7"]
[White "Ploetz, Hans Juergen"]
[Black "Bayer, Martin"]
[Result "0-1"]
[WhiteElo "1625"]
[BlackElo "1765"]
[PlyCount "102"]
[EventDate "2016.11.27"]
[EventType "swiss"]
[EventRounds "7"]
[EventCountry "GER"]
[SourceTitle "EXT 2018"]
[Source "ChessBase"]
[SourceDate "2017.10.13"]
[SourceVersion "1"]
[SourceVersionDate "2017.10.13"]
[SourceQuality "1"]

1. d4 d5 2. Nf3 Nf6 3. Bf4 Bf5 4. e3 e6 5. c4 Bd6 6. Bg5 c6 7. Nc3 Nbd7 8. a3 a5 9. c5 Be7 10. b4 axb4 11. axb4 0-0 12. Be2 Rxa1 13. Qxa1 Qa8 14. 0-0 h6 15. Bh4 g5 16. Bg3 Nh5 17. Bc7 Nhf6 18. h3 Rc8 19. Bh2 Ne4 20. Nxe4 dxe4 21. Nd2 b5 22. Qb2 Qb7 23. Ra1 Ra8 24. Ra2 Nf6 25. Qa1 Rxa2 26. Qxa2 Nd5 27. Qa3 Bd8 28. f3 Nf6 29. Be5 exf3 30. gxf3 Bxh3 31. Nb3 Bf5 32. Na5 Qa8 33. Qc3 Nd5 34. Qd2 Nxb4 35. Qxb4 Qxa5 36. Qxa5 Bxa5 37. e4 Bg6 38. d5 exd5 39. exd5 Bb4 40. Bd4 cxd5 41. Bxb5 Ba5 42. Bc6 f5 43. Bxd5+ Bf7 44. Bb7 Bc7 45. Bc8 f4 46. Kg2 Bg6 47. Bd7 Kf7 48. c6 h5 49. Kh3 Bd3 50. Kg2 Bc4 51. Kf2 Be6 0-1

[Event "Rhein Main op-B 18th"]
[Site "Bad Homburg"]
[Date "2015.06.06"]
[Round "5"]
[White "Gerlach, Manuel"]
[Black "Ploetz, Hans Juergen"]
[Result "0-1"]
[WhiteElo "1313"]
[BlackElo "1635"]
[PlyCount "82"]
[EventDate "2015.06.03"]
[EventType "swiss"]
[EventRounds "7"]
[EventCountry "GER"]
[SourceTitle "CBM 167 Extra"]
[Source "ChessBase"]
[SourceDate "2015.09.14"]
[SourceVersion "1"]
[SourceVersionDate "2015.09.14"]
[SourceQuality "1"]

1. e4 d6 2. Nf3 Nf6 3. d3 Nbd7 4. Be2 e5 5. Nbd2 Be7 6. 0-0 0-0 7. Re1 c6 8. Nf1 d5 9. Ng3 Qc7 10. Bf1 Re8 11. Nf5 Bf8 12. b3 Nc5 13. Ng3 h6 14. Bb2 Bg4 15. h3 Bxf3 16. Qxf3 a5 17. Nf5 b5 18. Qg3 Kh7 19. exd5 Nh5 20. Qf3 cxd5 21. Qxh5 g6 22. Qg4 h5 23. Qg5 Ne6 24. Qf6 gxf5 25. Qxf5+ Kg8 26. Qxh5 Qxc2 27. Bxe5 Bg7 28. Bxg7 Kxg7 29. Qxd5 Rac8 30. Qxb5 Qc3 31. Qh5 Rc5 32. Qg4+ Rg5 33. Qc4 Qf6 34. Rac1 Rh8 35. Re3 Nd4 36. Rg3 Rh4 37. Qc5 Rhh5 38. h4 Rxg3 39. Qxh5 Rg6 40. Rc5 Nf3+ 41. Qxf3 Qxf3 0-1

[Event "Rhein Main op-B 18th"]
[Site "Bad Homburg"]
[Date "2015.06.05"]
[Round "4"]
[White "Ploetz, Hans Juergen"]
[Black "Hapke, Lara"]
[Result "1-0"]
[WhiteElo "1635"]
[BlackElo "1015"]
[PlyCount "55"]
[EventDate "2015.06.03"]
[EventType "swiss"]
[EventRounds "7"]
[EventCountry "GER"]
[SourceTitle "CBM 167 Extra"]
[Source "ChessBase"]
[SourceDate "2015.09.14"]
[SourceVersion "1"]
[SourceVersionDate "2015.09.14"]
[SourceQuality "1"]

1. d4 d5 2. Nf3 Nc6 3. Bf4 Bf5 4. e3 a6 5. c4 e6 6. Nc3 Nb4 7. Rc1 dxc4 8. Bxc4 Nf6 9. a3 b5 10. Bxb5+ axb5 11. axb4 Bxb4 12. 0-0 c6 13. Ne5 Qc8 14. Nxb5 Ra6 15. Qb3 Be7 16. Rc4 Be4 17. Nc3 Bd5 18. Nxd5 Nxd5 19. Bg3 0-0 20. Rfc1 Nb6 21. Rxc6 Qd8 22. Nf3 h6 23. h3 Re8 24. Qb5 Qa8 25. Rxb6 Rxb6 26. Qxb6 Rb8 27. Qxb8+ Qxb8 28. Bxb8 1-0

[Event "Rhein Main op-B 16th"]
[Site "Bad Homburg"]
[Date "2013.06.01"]
[Round "5"]
[White "Held, Maurice"]
[Black "Ploetz, Hans Juergen"]
[Result "1/2-1/2"]
[WhiteElo "1155"]
[BlackElo "1648"]
[PlyCount "66"]
[EventDate "2013.05.29"]
[EventType "swiss"]
[EventRounds "7"]
[EventCountry "GER"]
[SourceTitle "EXT 2014"]
[Source "ChessBase"]
[SourceDate "2013.11.20"]
[SourceVersion "1"]
[SourceVersionDate "2013.11.20"]
[SourceQuality "1"]

1. c4 Nf6 2. Nc3 d6 3. Nf3 e5 4. d3 c6 5. g3 Bg4 6. Bg2 Qd7 7. 0-0 Bh3 8. Bd2 Be7 9. Qc2 0-0 10. Rab1 Na6 11. b4 Nc7 12. b5 Bxg2 13. Kxg2 Rac8 14. Rb2 cxb5 15. cxb5 Nxb5 16. Qb3 Nxc3 17. Bxc3 b6 18. Rc1 e4 19. Nd4 d5 20. Rcc2 h6 21. Qb5 Qg4 22. h3 Qg6 23. Nc6 Rc7 24. Nxe7+ Rxe7 25. Bb4 Rfe8 26. Bxe7 Rxe7 27. Rc8+ Kh7 28. Qb4 Re6 29. Qf8 Qh5 30. Rc7 exd3 31. Rxf7 Qg6 32. exd3 Re8 33. Rxf6 gxf6 1/2-1/2

[Event "Rhein Main op-B 15th"]
[Site "Bad Homburg"]
[Date "2012.06.08"]
[Round "4"]
[White "Ploetz, Hans Juergen"]
[Black "Urban, Thomas"]
[Result "1-0"]
[WhiteElo "1629"]
[BlackElo "1430"]
[PlyCount "51"]
[EventDate "2012.06.06"]
[EventType "swiss"]
[EventRounds "7"]
[EventCountry "GER"]
[SourceTitle "EXT 2013"]
[Source "ChessBase"]
[SourceDate "2012.11.22"]
[SourceVersion "1"]
[SourceVersionDate "2012.11.22"]
[SourceQuality "1"]

1. d4 d5 2. Nf3 e6 3. Bf4 Bd6 4. Bg5 Nf6 5. e3 Nbd7 6. c4 c5 7. Nc3 dxc4 8. Bxc4 cxd4 9. Qxd4 Be7 10. 0-0 0-0 11. Rad1 Qb6 12. Qd2 Rd8 13. Qc2 h6 14. Na4 Qc6 15. Nd4 Qc7 16. Nxe6 Qa5 17. Nxd8 hxg5 18. Nxf7 Kf8 19. Nc3 Nb6 20. Bb3 Bg4 21. Rd2 Bh5 22. Nh8 Rc8 23. Ng6+ Bxg6 24. Qxg6 Nbd5 25. Nxd5 Rc7 26. Nxc7 1-0

[Event "Karl Mala Memorial op 14th"]
[Site "Frankfurt"]
[Date "2011.07.09"]
[Round "4"]
[White "Poetsch, Gero"]
[Black "Ploetz, Hans Juergen"]
[Result "1/2-1/2"]
[WhiteElo "2003"]
[BlackElo "1637"]
[PlyCount "43"]
[EventDate "2011.07.07"]
[EventType "swiss"]
[EventRounds "7"]
[EventCountry "GER"]
[SourceTitle "EXT 2012"]
[Source "ChessBase"]
[SourceDate "2011.11.24"]
[SourceVersion "1"]
[SourceVersionDate "2011.11.24"]
[SourceQuality "1"]

1. e4 d6 2. Nf3 Nf6 3. Nc3 e5 4. d4 Nbd7 5. dxe5 dxe5 6. Bc4 h6 7. 0-0 Be7 8. Qe2 0-0 9. Be3 c6 10. a3 b5 11. Bb3 a6 12. Rfd1 Qc7 13. g3 Bb7 14. Nh4 Rfe8 15. Nf5 Bf8 16. Rd2 Rad8 17. Rad1 Nc5 18. f3 Nxb3 19. cxb3 a5 20. Qf2 Rxd2 21. Rxd2 Rd8 22. Rc2 1/2-1/2

[Event "Karl Mala Memorial op 14th"]
[Site "Frankfurt"]
[Date "2011.07.08"]
[Round "3"]
[White "Ploetz, Hans Juergen"]
[Black "Geringer, Waldemar"]
[Result "0-1"]
[WhiteElo "1637"]
[BlackElo "1948"]
[PlyCount "74"]
[EventDate "2011.07.07"]
[EventType "swiss"]
[EventRounds "7"]
[EventCountry "GER"]
[SourceTitle "EXT 2012"]
[Source "ChessBase"]
[SourceDate "2011.11.24"]
[SourceVersion "1"]
[SourceVersionDate "2011.11.24"]
[SourceQuality "1"]

1. Nf3 g6 2. d4 Bg7 3. Bf4 Nf6 4. e3 0-0 5. c4 d6 6. Nc3 c6 7. a3 a6 8. Be2 Nbd7 9. h3 b5 10. 0-0 Nb6 11. c5 Nbd5 12. Bh2 Nxc3 13. bxc3 dxc5 14. dxc5 Ne4 15. Bd3 Nxc5 16. Bc2 Bxc3 17. Rb1 Be6 18. Be5 Ba5 19. Qc1 Bc4 20. Rd1 Qc8 21. Nd4 f6 22. Bh2 e5 23. Nb3 Nxb3 24. Bxb3 Bxb3 25. Rxb3 Qe6 26. Rbd3 Rfd8 27. Rxd8+ Rxd8 28. Rxd8+ Bxd8 29. Qd2 Qd5 30. Qc2 Be7 31. e4 Qd4 32. Bg3 c5 33. Qa2+ c4 34. a4 b4 35. a5 b3 36. Qa4 Kf7 37. Kh2 b2 0-1

[Event "Rhein Main op-B 14th"]
[Site "Bad Homburg"]
[Date "2011.06.26"]
[Round "7"]
[White "Ploetz, Hans Juergen"]
[Black "Stein, Daniel"]
[Result "0-1"]
[WhiteElo "1637"]
[BlackElo "1252"]
[PlyCount "124"]
[EventDate "2011.06.22"]
[EventType "swiss"]
[EventRounds "7"]
[EventCountry "GER"]
[SourceTitle "EXT 2012"]
[Source "ChessBase"]
[SourceDate "2011.11.24"]
[SourceVersion "1"]
[SourceVersionDate "2011.11.24"]
[SourceQuality "1"]

1. d4 Nf6 2. Nf3 g6 3. Bf4 Bg7 4. e3 d6 5. c4 0-0 6. Nc3 Re8 7. Be2 a5 8. Rc1 Na6 9. h3 Bd7 10. 0-0 Nh5 11. Bh2 e5 12. dxe5 dxe5 13. Qb3 Nc5 14. Qd1 f5 15. a3 e4 16. Nd4 Nf6 17. b4 axb4 18. axb4 Ne6 19. Ndb5 Bxb5 20. Nxb5 Qe7 21. c5 Red8 22. Qb3 c6 23. Nd4 Nd5 24. Nxe6 Qxe6 25. Bc4 Be5 26. Rfd1 Bxh2+ 27. Kxh2 Qe5+ 28. Kg1 Kf8 29. b5 Nf6 30. bxc6 bxc6 31. Rxd8+ Rxd8 32. Qb6 Rc8 33. Ba6 Nd7 34. Qa7 Qc7 35. Qxc7 Rxc7 36. Kf1 Ke7 37. Ke2 Ra7 38. Bc4 Ra5 39. Bg8 h6 40. f3 Rxc5 41. Rxc5 Nxc5 42. Kd2 exf3 43. gxf3 g5 44. Kc3 Nd7 45. Kd4 Nf6 46. Bc4 Kd6 47. Be2 f4 48. e4 Nd7 49. Ba6 c5+ 50. Kc3 Nb6 51. Bb5 Ke5 52. Bd3 h5 53. Bc4 Na4+ 54. Kb3 Nb6 55. Be2 Nd7 56. Bb5 Nf6 57. Be2 g4 58. hxg4 hxg4 59. fxg4 Nxe4 60. Kc4 Kf6 61. Bf3 Nd2+ 62. Kd5 Nxf3 0-1

[Event "Rhein Main op-B 14th"]
[Site "Bad Homburg"]
[Date "2011.06.25"]
[Round "6"]
[White "Kitzler, Gerhard"]
[Black "Ploetz, Hans Juergen"]
[Result "0-1"]
[WhiteElo "1200"]
[BlackElo "1637"]
[PlyCount "56"]
[EventDate "2011.06.22"]
[EventType "swiss"]
[EventRounds "7"]
[EventCountry "GER"]
[SourceTitle "EXT 2012"]
[Source "ChessBase"]
[SourceDate "2011.11.24"]
[SourceVersion "1"]
[SourceVersionDate "2011.11.24"]
[SourceQuality "1"]

1. e4 d6 2. d4 Nf6 3. Bc4 e6 4. Bg5 Be7 5. Nc3 0-0 6. Qd2 c6 7. Nf3 b5 8. Bd3 Qc7 9. Bf4 Nbd7 10. 0-0 e5 11. dxe5 dxe5 12. Bg5 Bb7 13. Ne2 Rad8 14. b4 Rfe8 15. a3 a6 16. Ng3 c5 17. c3 c4 18. Bc2 Nc5 19. Qe2 Ne6 20. Nf5 Nxg5 21. Nxe7+ Rxe7 22. Nxg5 Red7 23. Rad1 Rxd1 24. Rxd1 Rxd1+ 25. Qxd1 h6 26. Nf3 Nxe4 27. Nh4 Nxc3 28. Nf5 Nxd1 0-1

[Event "Rhein Main op-B 14th"]
[Site "Bad Homburg"]
[Date "2011.06.23"]
[Round "3"]
[White "Ploetz, Hans Juergen"]
[Black "Dittmar, Lars"]
[Result "1-0"]
[WhiteElo "1637"]
[BlackElo "1425"]
[PlyCount "135"]
[EventDate "2011.06.22"]
[EventType "swiss"]
[EventRounds "7"]
[EventCountry "GER"]
[SourceTitle "EXT 2012"]
[Source "ChessBase"]
[SourceDate "2011.11.24"]
[SourceVersion "1"]
[SourceVersionDate "2011.11.24"]
[SourceQuality "1"]

1. d4 d5 2. Nf3 Nf6 3. Bf4 e6 4. e3 c5 5. c4 Nc6 6. Nc3 cxd4 7. Nxd4 Bb4 8. Qb3 Qb6 9. Rc1 0-0 10. Be2 Ne4 11. 0-0 Nd2 12. Qc2 Nxf1 13. Bxf1 Nxd4 14. exd4 Qxd4 15. Be3 Qe5 16. cxd5 Qxd5 17. Nxd5 exd5 18. Qb3 Be7 19. Qxd5 Rd8 20. Qf3 Bf6 21. b3 Be6 22. Qxb7 Rab8 23. Qf3 a5 24. Qg3 Rb4 25. Bc5 Rg4 26. Qf3 Rg5 27. Be3 Rf5 28. Qc6 Rfd5 29. Be2 Bf5 30. h3 Be4 31. Qc4 Bg6 32. Bf3 R5d7 33. Bb6 Rb8 34. Qc6 Re7 35. Bxa5 Bb2 36. Rd1 Ree8 37. Bc7 Rbc8 38. Qd7 Rf8 39. Qxc8 Rxc8 40. Rd8+ Rxd8 41. Bxd8 Bb1 42. a4 Bc2 43. Bd5 Kf8 44. Bc4 Ke8 45. Bb6 f6 46. f3 Kd7 47. a5 Kc6 48. Be3 Bf5 49. b4 Bc3 50. b5+ Kc7 51. b6+ Kb8 52. a6 Bc8 53. b7 Bxb7 54. axb7 Kxb7 55. Kf2 Kc6 56. Ke2 Kd6 57. Kd3 Ba5 58. Ke4 g6 59. g4 Be1 60. f4 Bc3 61. Bg8 h6 62. Bh7 g5 63. Kf5 Ke7 64. Kg6 gxf4 65. Bxf4 Bd4 66. Bxh6 Be5 67. Bg7 Bd4 68. g5 1-0